000 01286nam a2200265 a 4500
001 BRCA_5948
005 20190320205255.0
041 _aspa
044 _amx
050 4 _aBX800
_b.R47 1816
110 2 _aPanilla, Miguel R.P. Fr.
_915022
245 1 0 _aRepetidas visitas que ofrece la devoción al divinisimo Señor Sacramentado.
_bEn desagravio de las repetidas injurias olvido y desprecios que su Majestad padece de la mayor parte del mundo en el Sacramento de la Sagrada Eucaristía.
_cPanilla, Miguel.
260 _aMéxico
_bOficina de la calle de Santo Domingo
_c1816
300 _a56 p.
_c11 cm.
500 _aTapas desprendidas; en la tapa viene pegada una carta que es imposible de abrir, ya que se tendría que destruír la tapa misma; tiene signaturas; dividido en XX cuartas visitas. El primer cuadernillo se encuentra desprendido
500 _aFondo antiguo
500 _aSe encuentra en Caja Fuerte
500 _aH-173
500 _aCon Ex-libris de: Franz Mayer
500 _aEn la contraportada se localiza una firma perteneciente a Sor. Ma. Bernarda con licencia de Na. Ma.
506 0 _aFondo reservado: para su consulta es necesario credencial de usuario y carta de motivos
650 1 4 _aDenominaciones cristianas.
_915023
902 _aLAR
942 _2lcc
_cB
999 _c5637
_d5637